Carpet Sahib a life of Jim Corbett (Record no. 2841)

MARC details
000 -LEADER
fixed length control field 00551cam a2200205ua 4500
008 - FIXED-LENGTH DATA ELEMENTS--GENERAL INFORMATION
fixed length control field 110921n ii |||gr||||Z||||||eng
020 ## - INTERNATIONAL STANDARD BOOK NUMBER
International Standard Book Number 978-0-19-562486-1
020 ## - INTERNATIONAL STANDARD BOOK NUMBER
International Standard Book Number 0-19-562486-6
040 ## - CATALOGING SOURCE
Transcribing agency MAIN
082 ## - DEWEY DECIMAL CLASSIFICATION NUMBER
Classification number 920
100 1# - MAIN ENTRY--PERSONAL NAME
Personal name Booth, Martin,
245 11 - TITLE STATEMENT
Title Carpet Sahib a life of Jim Corbett
Statement of responsibility, etc. by Martin Booth
250 ## - EDITION STATEMENT
Edition statement 14th.
260 ## - PUBLICATION, DISTRIBUTION, ETC.
Place of publication, distribution, etc. New Delhi:
Name of publisher, distributor, etc. Oxford university press,986.
300 ## - PHYSICAL DESCRIPTION
Extent 278p:
Dimensions 23cm.
942 ## - ADDED ENTRY ELEMENTS (KOHA)
Koha item type Books
100 1# - MAIN ENTRY--PERSONAL NAME
Fuller form of name (1986).
653 ## - INDEX TERM--UNCONTROLLED
Uncontrolled term Biography
653 ## - INDEX TERM--UNCONTROLLED
Uncontrolled term Biography of Carpet Sahib a life of Jim Corbett
Holdings
Withdrawn status Lost status Damaged status Not for loan Home library Current library Shelving location Date acquired Total Checkouts Full call number Barcode Date last seen Copy number Price effective from Koha item type
        Naharkatiya College Library Naharkatiya College Library General Stacks 19/09/2020   920 | BOO 17433 19/09/2020 1 19/09/2020 Books

Naharkatiya College © 2020. All rights reserved.

Powered By